| 000 | 00000nam##2200000za#4500 |
| 001 | 9.630575 |
| 003 | CaOODSP |
| 005 | 20210624213915 |
| 007 | cr ||||||||||| |
| 008 | 150407|1998||||xxc|||||o f|0| 0 fre|d |
| 040 | |aCaOODSP|bfre |
| 043 | |an-cn--- |
| 086 | 1 |aF2-148/1998F-IN |
| 110 | 1 |aCanada. |bMinistère des finances. |
| 245 | 10|aRégime de démutualisation des mutuelles d'assurance-vie canadiennes : |h[ressource électronique]|bdocument de consultation |
| 260 | |aOttawa - Ontario : |bFinances Canada |c1998. |
| 300 | |a43p. (155 kb) |
| 500 | |a«La démutualisation est un processus en vertu duquel une société mutuelle se transforme en société par actions. La structure organisationnelle plus souple qui en résulte devrait contribuer à renforcer la compétitivité et l'efficience de la société et multiplier ses chances de diversifier ses activités, d'investir dans de nouvelles technologies, d'accroître son taux de pénétration des marchés et de financer de nouvelles acquisitions.»--Préface. |
| 520 | 3 |aLa démutualisation est un processus en vertu duquel une société mutuelle se transforme en société par actions. La structure organisationnelle plus souple qui en résulte devrait contribuer à renforcer la compétitivité et l'efficience de la société et multiplier ses chances de diversifier ses activités, d'investir dans de nouvelles technologies, d'accroître son taux de pénétration des marchés et de financer de nouvelles acquisitions.--Préface |
| 590 | |a01-06|b2001-02-09 |
| 691 | 07|aSociété mutuelle d'assurances|2gcpds |
| 691 | 07|aCompétitivité|2gcpds |
| 691 | 07|aAssurance-vie|2gcpds |
| 775 | 08|tDemutualization regime for Canadian life insurance companies : |w(CaOODSP)9.686006 |
| 856 | 40|ahttp://publications.gc.ca|qPDF|s155 KB|uhttps://publications.gc.ca/collections/Collection/F2-148-1998F.pdf |